Pentecostalism and mission: (Record no. 123896)
[ view plain ]
| 000 -LEADER | |
|---|---|
| fixed length control field | 00536nam a22001577a 4500 |
| 008 - FIXED-LENGTH DATA ELEMENTS--GENERAL INFORMATION | |
| fixed length control field | 151217b xxu||||| |||| 00| 0 eng d |
| 050 ## - LIBRARY OF CONGRESS CALL NUMBER | |
| Classification number | BX168.2 N5 U49 |
| 100 ## - MAIN ENTRY--PERSONAL NAME | |
| Personal name | Umeh, Jude Onwenu |
| 9 (RLIN) | 21372 |
| 245 ## - TITLE STATEMENT | |
| Title | Pentecostalism and mission: |
| Remainder of title | a missiological study of Nigerian Pentecostalism |
| Statement of responsibility, etc | / Jude Onwenu Umeh |
| 260 ## - PUBLICATION, DISTRIBUTION, ETC. (IMPRINT) | |
| Place of publication, distribution, etc | Rome |
| Name of publisher, distributor, etc | Pontifical Urban University |
| Date of publication, distribution, etc | 2008 |
| 300 ## - PHYSICAL DESCRIPTION | |
| Extent | xi, 317p. |
| Dimensions | 24cm. |
| 500 ## - GENERAL NOTE | |
| General note | Thesis |
| 650 ## - SUBJECT ADDED ENTRY--TOPICAL TERM | |
| Topical term or geographic name as entry element | Catholic church in Nigeria |
| 9 (RLIN) | 21278 |
| 650 ## - SUBJECT ADDED ENTRY--TOPICAL TERM | |
| Topical term or geographic name as entry element | Pentecostalism |
| General subdivision | Nigeria |
| 9 (RLIN) | 21373 |
| 942 ## - ADDED ENTRY ELEMENTS (KOHA) | |
| Source of classification or shelving scheme | Library of Congress Classification |
| Item type | Monograph ( Printed materials) |
| Withdrawn status | Lost status | Source of classification or shelving scheme | Damaged status | Not for loan | Home library | Current library | Date acquired | Total Checkouts | Full call number | Barcode | Date last seen | Price effective from | Koha item type |
|---|---|---|---|---|---|---|---|---|---|---|---|---|---|
| Library of Congress Classification | ARRUPE LIBRARY | ARRUPE LIBRARY | 17/12/2015 | BX168.2 N5 U49 | 46500005691 | 22/11/2017 | 17/12/2015 | Monograph ( Printed materials) |